<?xml version="1.0" encoding="UTF-8"?>
<record
    xmlns:xsi="http://www.w3.org/2001/XMLSchema-instance"
    xsi:schemaLocation="http://www.loc.gov/MARC21/slim http://www.loc.gov/standards/marcxml/schema/MARC21slim.xsd"
    xmlns="http://www.loc.gov/MARC21/slim">

  <leader>00339    a2200109   4500</leader>
  <controlfield tag="001">ART_11470</controlfield>
  <controlfield tag="005">20260410161857.0</controlfield>
  <controlfield tag="008">260409a                                 </controlfield>
  <datafield tag="245" ind1="1" ind2="0">
    <subfield code="a">Las pol&#xED;ticas econ&#xF3;micas en el gobierno de Alfons&#xED;n</subfield>
  </datafield>
  <datafield tag="100" ind1="1" ind2=" ">
    <subfield code="a">Visintini, Alfredo</subfield>
  </datafield>
  <datafield tag="773" ind1="0" ind2=" ">
    <subfield code="t">Revista de Econom&#xED;a</subfield>
    <subfield code="g">- N&#xBA; 68 (ene./mar. 1993)</subfield>
    <subfield code="w">REV11077</subfield>
  </datafield>
  <datafield tag="999" ind1=" " ind2=" ">
    <subfield code="c">25606</subfield>
    <subfield code="d">25606</subfield>
  </datafield>
</record>
